000 00794cam a2200205 a 4500
001 000018049
005 20200929165331.0
008 820811s1986 pr 001 j spa d
040 _aDO-SdBNP
_bspa
_cDLC
_dBNPHU
082 _aPR863.44
_bB282d
100 1 _aBarsy, Kalman,
_d1942-
_939130
245 1 0 _aDel nacimiento de la isla de Boriquén y otros maravillosos sucesos /
_cKalman Barsy ; edición, Dominica Diez ; ilustraciones de Margarita Gray Granados.
260 _a[San Juan, Puerto Rico] :
_bCasa de las Américas,
_c1986.
300 _a85 p. :
_bil. ;
_c23 cm.
586 _aPremio casa de las Américas, 1982
650 4 _aCuentos puertorriqueños
_9249
650 4 _aLiteratura puertorriqueña
_9250
700 1 _aDiez, Dominica,
_eed.
_914421
910 _aCatalogación por copia / LC
999 _c17571
_d17571